| 000 | 00461nam a2200193Ia 4500 | ||
|---|---|---|---|
| 003 | OSt | ||
| 005 | 20250927124253.0 | ||
| 008 | 250729s2005 xx 000 0 und d | ||
| 020 | _a9788171694303 | ||
| 040 | _cAL | ||
| 041 | _aeng | ||
| 082 | _a370 SINM | ||
| 100 |
_aSingh Uttam Kumar _9222830 |
||
| 245 | _aModern education | ||
| 260 |
_aNew Delhi _bCommonwealth Publishers _c2005 |
||
| 300 | _a352p | ||
| 650 |
_aEducation _9222831 |
||
| 942 |
_2ddc _cBED |
||
| 999 |
_c235630 _d235630 |
||